| 000 | 00401nam a2200145Ia 4500 | ||
|---|---|---|---|
| 008 | 230917s9999||||xx |||||||||||||| ||und|| | ||
| 040 |
_e179784 _aMAIN |
||
| 041 | _aEnglish | ||
| 082 | _a658.4092 A57H | ||
| 100 | _aArmstrong, Michael | ||
| 245 | 0 | _aHandbook of management and leadership: A guide to managing for results | |
| 260 |
_aNew Delhi _bKogan Page _c2008 |
||
| 300 | _a242 p. | ||
| 942 | _cBK | ||
| 999 |
_c153813 _d153813 |
||